000 00303nam a22001217a 4500
008 181126b xxu||||| |||| 00| 0 eng d
041 _aeng
080 _a043.3
100 _a0
101 _aBTH-SHP
245 _aGjendja e Qipros dhe Roli i Misionit Paqeruajtes se OKB-se
_cMusliu, Sh
942 _2udc
_cBK
999 _c52532
_d52532